Las órdenes de caballería en el Nuevo Reino de Granada y en la época actual (Registro nro. 301492)

Detalles MARC
000 -ENCABEZADO
Número de control [NR] 00887nam a22002297b 4500
005 - FECHA Y HORA DE LA ÚLTIMA TRANSACCIÓN
control field 20151002164614.0
008 - DE LONGITUD FIJA DE DATOS DE ELEMENTOS - INFORMACIÓN GENERAL
Elementos de longitud fija [NR] 151002s1996 ck a fr ||0 ||spa d
035 ## - NUMERO DE CONTROL DEL SISTEMA [R]
Número de control del sistema [NR] (OCoLC)433179467
040 ## - FUENTE DE CATALOGACION [NR]
Agencia de catalogación original [NR] CO-BoUCM
Idioma de catalogación [NR] spa
Quien Cataloga Sandra Palacio
Quien Clasifica Sandra Palacio
041 0# - CODIGO DE IDIOMA [R]
Código de idioma para texto/pista de sonido o título separado [R] Español
100 1# - ASIENTO PRINCIPAL--NOMBRE PERSONAL [NR]
Nombre personal [NR] Balmes Arteaga, Enrique
ID Autoridad 71982
245 14 - MENCION DE TITULO [NR]
Título [NR] Las órdenes de caballería en el Nuevo Reino de Granada y en la época actual
Mención de responsabilidad, etc. [NR] Enrique Balmes Arteaga
260 ## - PUBLICACION, DISTRIBUCION, ETC. (PIE DE IMPRENTA) [R]
Lugar de publicación, distribución, etc. [R] Bogotá (Colombia)
Nombre del editor, distribuidor, etc. [R] Academia Colombiana de Historia
Fecha de publicación, distribución, etc. [R] 1996
300 ## - DESCRIPCION FISICA [R]
Extensión [R] 186 páginas
Otros detalles físicos [NR] ilustraciones
490 0# - MENCION DE SERIE [R]
Mención de serie [R] Academia Colombiana de Historia
Designación numérica/secuencial del volumen [NR] 40
650 #7 - ASIENTO SECUNDARIO DE MATERIA - TERMINO TEMATICO [R]
Término temático o nombre geográfico como elemento de entrada [NR] Ordenes de caballería
Subdivisión geográfica [R] Colombia
9 (RLIN) 20824
650 #7 - ASIENTO SECUNDARIO DE MATERIA - TERMINO TEMATICO [R]
Término temático o nombre geográfico como elemento de entrada [NR] Heráldica
Subdivisión geográfica [R] Colombia
9 (RLIN) 16758
650 #7 - ASIENTO SECUNDARIO DE MATERIA - TERMINO TEMATICO [R]
Término temático o nombre geográfico como elemento de entrada [NR] Ordenes religiosas militares
9 (RLIN) 20831
690 ## - ASUNTO AGREGADO LOCAL DE ENTRADA - TÉRMINO TEMÁTICO (OCLC, RLIN)
9 (RLIN) 42845
Acceso temático local Historia de Colombia
942 ## - ELEMENTOS DE ENTRADA AGREGADOS (KOHA)
Sistema de clasificación DEWEY
Tema principal Historia
Tipo de ítem principal el descrito en 300a Libro
Edición 1
Clasificación 929.82
Parte restante de la signatura top. B194
Existencias
Total préstamos Signatura topográfica Código de barras Última vez visto Ejemplar Costo de reposición Price effective from Tipo de ítem Perdido Sistema de clasificación Dañado No prestable Tipo de ítem específico Suprimido Ubicación habitual Ubicación actual Localización Fecha de creación Proveedor Forma de adquisición Costo
  929.82 B194 100147625 09/12/2025 Ej.1 26000.00 17/09/2015 Libro   DEWEY     Libro   Claustro Claustro 2do piso 17/09/2015 12 Donación 0.00